| 000 | 00993nam a2200265 a 4500 | ||
|---|---|---|---|
| 001 | BRCA_5532 | ||
| 005 | 20190320205123.0 | ||
| 008 | 280311t1922----sp-a######---#000-0#spa-# | ||
| 041 | _aspa | ||
| 044 | _asp | ||
| 050 | 4 |
_aN3450 _b.B46 1922 |
|
| 100 | 1 |
_aBeruete y Moret, Aureliano de _d1876-1922 _97763 |
|
| 245 | 1 | 0 |
_aAlbum de la galería de pinturas del Museo del Prado de Madrid _cintroducción histórica y texto explicativo de A. de Beruete y Moret y Augusto L. Mayer ; traducción de Domingo Miral y López. |
| 260 |
_aBarcelona, España _bLabor _c1922 _bil., 60 láminas _c32 cm. |
||
| 500 | _aIncluye índice de pintores | ||
| 500 | _aEstado físico: camisa rota | ||
| 500 | _aF6 | ||
| 610 | 2 | 4 |
_aMuseo del Prado (Madrid) _xColecciones de arte _914121 |
| 650 | 1 | 4 |
_aPinturas _zMadrid _914004 |
| 650 | 1 | 4 |
_aGalerías y museos _zEspaña _97331 |
| 700 | 1 |
_aMayer, Augusto L. _eCoautor _914122 |
|
| 700 | 1 |
_aMiral y López, Domingo _eTraductor _914123 |
|
| 902 | _aGFM | ||
| 942 |
_2lcc _cB |
||
| 999 |
_c5226 _d5226 |
||